Countries by Satellite Image Snippets - Statistics

General Stats
  • This quiz has been taken 89 times
  • The average score is 9 of 16
Answer Stats
Picture Answer % Correct
Cambodia, Indonesia, Malaysia, Thailand, Vietnam
88%
Canada, United States
85%
Canada, Denmark (Greenland)
74%
Egypt, Saudi Arabia, Sudan
68%
Bangladesh, India, Myanmar
66%
Latvia, Lithuania, Poland, Russia (Kaliningrad), Sweden
59%
Brazil
56%
Croatia, Italy, Slovenia
56%
Bahamas, United States
50%
Ireland, United Kingdom
44%
Madagascar, Mozambique
41%
Colombia, Netherlands (Aruba), Venezuela
40%
China, North Korea, Russia
34%
Morocco, Spain (Melilla)
34%
Dominican Republic, Haiti
32%
Lebanon, Syria, Turkey
31%
No matching quizzes found
Score Distribution
Percent of People with Each Score
Percentile by Number Answered
Your Score History
You have not taken this quiz